Welcome to CU Library Online Public Access Catalogue (OPAC)

SUSTAINING THE SOIL: (Record no. 7678)

MARC details
000 -LEADER
fixed length control field 00380nam a22001337a 4500
005 - DATE AND TIME OF LATEST TRANSACTION
control field 20250924120007.0
008 - FIXED-LENGTH DATA ELEMENTS--GENERAL INFORMATION
fixed length control field 250924b |||||||| |||| 00| 0 eng d
020 ## - INTERNATIONAL STANDARD BOOK NUMBER
International Standard Book Number 9781853833724
050 ## - LIBRARY OF CONGRESS CALL NUMBER
Classification number S625
Item number .A4 SUS
245 ## - TITLE STATEMENT
Title SUSTAINING THE SOIL:
Remainder of title INDIGENOUS SOIL AND WATER CONSERVATION IN AFRICA
260 ## - PUBLICATION, DISTRIBUTION, ETC.
Place of publication, distribution, etc. LONDON
Name of publisher, distributor, etc. EARTHSCAN PUB
Date of publication, distribution, etc. c1996
300 ## - PHYSICAL DESCRIPTION
Extent xii, 260p
942 ## - ADDED ENTRY ELEMENTS (KOHA)
Source of classification or shelving scheme Library of Congress Classification
Koha item type Books
Suppress in OPAC No
999 ## -
-- 7678
-- 7678
Holdings
Withdrawn status Lost status Source of classification or shelving scheme Damaged status Not for loan Collection Home library Current library Shelving location Date acquired Total checkouts Full call number Barcode Date last seen Copy number Price effective from Koha item type
    Library of Congress Classification     Non-fiction Science Library (Miotso) Science Library (Miotso) General stacks 11/06/2025   S625.A4 SUS SLM00005469 11/06/2025 1 11/06/2025 Books
    Library of Congress Classification     Non-fiction Science Library (Miotso) Science Library (Miotso) General stacks 11/06/2025   S625.A4 SUS SLM00005470 11/06/2025 2 11/06/2025 Books
    Library of Congress Classification     Non-fiction Undergraduate Library (Christ Temple) Undergraduate Library (Christ Temple) General stacks 09/24/2025   S 625.A4 SUS ulct00004982 09/24/2025 1 09/24/2025 Books
    Library of Congress Classification     Non-fiction Undergraduate Library (Christ Temple) Undergraduate Library (Christ Temple) General stacks 10/15/2025   S625.A4 SUS ulct00005152 10/15/2025 1 10/15/2025 Computer Files
    Library of Congress Classification     Non-fiction Undergraduate Library (Christ Temple) Undergraduate Library (Christ Temple) General stacks 10/15/2025   S625.A4 SUS ulct00005153 10/15/2025 2 10/15/2025 Computer Files
© 2023-2024 Copyright: Central University Libraries. All Rights Reserved | Created by: Mahone Tech Office